| 000 | 01425nab a2200265 i 4500 | ||
|---|---|---|---|
| 003 | DO-SdBNP | ||
| 005 | 20250603102927.0 | ||
| 007 | ta | ||
| 008 | 250603e1992 dr bn|p|r||||||0| |0spa d | ||
| 040 |
_aDO-SdBNP _bspa _cBNPHU _erda |
||
| 041 | _hspa | ||
| 110 |
_aRepública Dominicana. Dirección General de Bellas Artes _987962 |
||
| 245 |
_aEl día del músico / _cDirección General de Bellas Artes. |
||
| 264 |
_aSanto Domingo, República Dominicana : _bDirección General de Bellas Artes, _c1992. |
||
| 300 |
_aúltima página : _bilustraciones, fotografías ; _c28 cm. |
||
| 310 | _aBimestral. | ||
| 336 |
_atexto _btxt _2rdacontent |
||
| 337 |
_asin mediación _bn _2rdamedia |
||
| 338 |
_avolumen _bnc _2rdacarrier |
||
| 362 | _aAño 2. No. 6 (septiembre-octubre, 1992). | ||
| 521 | _a22 de noviembre. El día del músico: es el día del pueblo dominicano, que ama, siente, vive la música. Es también el día más oportuno para que felicitemos con orgullo tanto a la música de la Orquesta Sinfónica Nacional y de conjuntos de Cámara como a los músicos de las orquestas y agrupaciones populares. Dedicamos, en este Día, un pensamiento especial a los maestros de música, porque ellos aseguran el porvenir musical del país. | ||
| 650 | 0 |
_aMúsicos _945195 _vPublicaciones periódicas _zRepública Dominicana |
|
| 773 | 0 |
_036604 _9324462 _o2025-4776 _tAuditorium. _w(DO-SdBNP)000037114 |
|
| 942 |
_2ddc _cISSUE |
||
| 999 |
_c59126 _d59126 |
||